[Event "Charlesbourg Zukertort"]
[Site "Charlesbourg CAN"]
[Date "2007.05.28"]
[Round "4"]
[White "Filiatreault, Michel"]
[Black "Cournoyer, Dominic"]
[Result "1-0"]
[WhiteElo "1879"]
[BlackElo "1788"]
[PlyCount "58"]
[GameId "2160767910684638"]
[EventDate "2007.05.07"]
[EventType "team-swiss"]
[EventRounds "6"]
[EventCountry "CAN"]
[SourceTitle "EXT 2022"]
[Source "ChessBase"]
[SourceDate "2021.10.06"]
[SourceVersion "1"]
[SourceVersionDate "2021.10.06"]
[SourceQuality "1"]
[WhiteTeam "Les Griffons"]
[BlackTeam "Les no-names anonymes"]
[WhiteTeamCountry "CAN"]
[BlackTeamCountry "CAN"]

1. c4 d5 2. Nf3 Nf6 3. g3 g6 4. Bg2 Bg7 5. O-O O-O 6. cxd5 Nxd5 7. d4 Nc6 8. Nc3 Nb6 9. e3 Bf5 10. Nh4 Bd7 11. f4 Qc8 12. b3 Bh3 13. Nf3 Bxg2 14. Kxg2 e6 15. Ba3 Re8 16. Rc1 Nd5 17. Qe2 a6 18. Ne4 Nf6 19. Ned2 Qd8 20. Ne5 Ne7 21. Qf3 c6 22. Bc5 Nf5 23. Ndc4 Qd5 24. Nb6 Qxf3+ 25. Kxf3 Rad8 26. g4 Ne7 27. g5 Nfd5 28. e4 Nxb6 29. Bxb6 Rc8 1-0

[Event "Charlesbourg Zukertort"]
[Site "Charlesbourg CAN"]
[Date "2007.05.28"]
[Round "4"]
[White "Laflamme, Simon"]
[Black "Drolet, Stephane"]
[Result "0-1"]
[WhiteElo "2002"]
[BlackElo "2099"]
[PlyCount "44"]
[GameId "2160767910684639"]
[EventDate "2007.05.07"]
[EventType "team-swiss"]
[EventRounds "6"]
[EventCountry "CAN"]
[SourceTitle "EXT 2022"]
[Source "ChessBase"]
[SourceDate "2021.10.06"]
[SourceVersion "1"]
[SourceVersionDate "2021.10.06"]
[SourceQuality "1"]
[WhiteTeam "Les Affames"]
[BlackTeam "Les Denis Drolet"]
[WhiteTeamCountry "CAN"]
[BlackTeamCountry "CAN"]

1. e4 e6 2. d4 d5 3. Nc3 Bb4 4. exd5 exd5 5. Bd3 Nc6 6. Nge2 Nge7 7. O-O Bg4 8. f3 Bf5 9. Ng3 Bxc3 10. bxc3 Bxd3 11. Qxd3 Qd7 12. Rb1 b6 13. Re1 O-O 14. Ba3 Rfe8 15. Bxe7 Rxe7 16. Rxe7 Nxe7 17. c4 Rd8 18. Re1 Ng6 19. c3 Qa4 20. cxd5 Qxa2 21. c4 Nf4 22. Qe4 Qxg2# 0-1

[Event "Charlesbourg Zukertort"]
[Site "Charlesbourg CAN"]
[Date "2007.05.28"]
[Round "4"]
[White "Plourde, Simon"]
[Black "Boulianne, Gabriel"]
[Result "0-1"]
[WhiteElo "1300"]
[BlackElo "1479"]
[PlyCount "134"]
[GameId "2160767910684640"]
[EventDate "2007.05.07"]
[EventType "team-swiss"]
[EventRounds "6"]
[EventCountry "CAN"]
[SourceTitle "EXT 2022"]
[Source "ChessBase"]
[SourceDate "2021.10.06"]
[SourceVersion "1"]
[SourceVersionDate "2021.10.06"]
[SourceQuality "1"]
[WhiteTeam "Les Affames"]
[BlackTeam "Les Denis Drolet"]
[WhiteTeamCountry "CAN"]
[BlackTeamCountry "CAN"]

1. e4 c5 2. Nf3 e6 3. d4 cxd4 4. Nxd4 a6 5. a3 Nf6 6. Nc3 Qc7 7. Be3 b5 8. Bd3 Bb7 9. f3 d5 10. exd5 Nxd5 11. Nxd5 Bxd5 12. O-O Bd6 13. g3 Bxg3 14. hxg3 Qxg3+ 15. Kh1 Qh3+ 16. Kg1 Qg3+ 17. Kh1 Qh3+ 18. Kg1 e5 19. Nf5 Be6 20. Nd6+ Ke7 21. Ne4 Nd7 22. Kf2 Qh2+ 23. Ke1 Bh3 24. Rf2 Qg1+ 25. Kd2 Qxd1+ 26. Rxd1 h6 27. Rh1 Be6 28. Nc5 f5 29. Rh5 f4 30. Nxd7 fxe3+ 31. Kxe3 Bxd7 32. Rxe5+ Kd6 33. f4 g5 34. Be4 gxf4+ 35. Kxf4 Raf8+ 36. Bf5 Rxf5+ 37. Rxf5 Bxf5 38. Rd2+ Ke6 39. Re2+ Kf6 40. Rd2 Re8 41. c3 Re4+ 42. Kg3 h5 43. Rh2 Bg4 44. Rd2 Re3+ 45. Kf4 Re2 46. Rd6+ Re6 47. Rd2 Ke7 48. b3 Rd6 49. Rb2 Rd3 50. c4 bxc4 51. bxc4 Rxa3 52. Rc2 Kd6 53. c5+ Kc6 54. Ke4 Ra5 55. Kd4 Ra4+ 56. Ke5 Ra5 57. Kd4 Rb5 58. Rc3 Be6 59. Rc1 Rb4+ 60. Ke5 Rc4 61. Ra1 Bc8 62. Rh1 Kc7 63. Rh2 Rxc5+ 64. Kf4 h4 65. Rxh4 Rc4+ 66. Kg3 Rxh4 67. Kxh4 a5 0-1

[Event "Charlesbourg Zukertort"]
[Site "Charlesbourg CAN"]
[Date "2007.05.28"]
[Round "4"]
[White "Poliquin, Yvone"]
[Black "Chiffot, Nicolas"]
[Result "1/2-1/2"]
[WhiteElo "1872"]
[BlackElo "1801"]
[PlyCount "106"]
[GameId "2160767910684641"]
[EventDate "2007.05.07"]
[EventType "team-swiss"]
[EventRounds "6"]
[EventCountry "CAN"]
[SourceTitle "EXT 2022"]
[Source "ChessBase"]
[SourceDate "2021.10.06"]
[SourceVersion "1"]
[SourceVersionDate "2021.10.06"]
[SourceQuality "1"]
[WhiteTeam "Les Affames"]
[BlackTeam "Les Denis Drolet"]
[WhiteTeamCountry "CAN"]
[BlackTeamCountry "CAN"]

1. e4 c6 2. d4 d5 3. e5 Bf5 4. h4 h5 5. c4 e6 6. Nc3 Nd7 7. cxd5 cxd5 8. Nf3 Ne7 9. Bd3 Rc8 10. Nb5 Nc6 11. Bxf5 exf5 12. O-O Be7 13. Nc3 Nf8 14. Qd3 g6 15. Qb5 Qd7 16. Qxd5 Qxd5 17. Nxd5 Ne6 18. Nxe7 Nxe7 19. Bg5 Nd5 20. Rac1 Kd7 21. Bd2 Rxc1 22. Rxc1 Rc8 23. Rxc8 Kxc8 24. Kf1 Kd7 25. Ke2 Kc6 26. g3 Kb5 27. Kd3 Kc6 28. Ne1 a6 29. f4 Nec7 30. Nf3 Ne6 31. a3 b6 32. Ng1 Nec7 33. Nh3 Ne6 34. Nf2 Nec7 35. Nd1 Ne6 36. Be3 Nec7 37. Bd2 Ne6 38. b3 Nec7 39. Nb2 b5 40. a4 Ne7 41. Nd1 Ncd5 42. Ba5 Kd7 43. axb5 axb5 44. Bd2 Nc6 45. Nf2 Nd8 46. Nh3 Ne6 47. Ng1 Kc6 48. Nf3 Kb6 49. Kc2 Kc6 50. Kd3 Kb6 51. Ne1 Nec7 52. Nf3 Ne6 53. Ne1 Nec7 1/2-1/2

[Event "Charlesbourg Zukertort"]
[Site "Charlesbourg CAN"]
[Date "2007.06.04"]
[Round "5"]
[White "Beauchesne, Jonathan"]
[Black "Boulianne, Gabriel"]
[Result "1-0"]
[WhiteElo "1519"]
[BlackElo "1479"]
[PlyCount "83"]
[GameId "2160767910684642"]
[EventDate "2007.05.07"]
[EventType "team-swiss"]
[EventRounds "6"]
[EventCountry "CAN"]
[SourceTitle "EXT 2022"]
[Source "ChessBase"]
[SourceDate "2021.10.06"]
[SourceVersion "1"]
[SourceVersionDate "2021.10.06"]
[SourceQuality "1"]
[WhiteTeam "Les no-names anonymes"]
[BlackTeam "Les Denis Drolet"]
[WhiteTeamCountry "CAN"]
[BlackTeamCountry "CAN"]

1. Nf3 Nf6 2. b4 d5 3. Bb2 e6 4. b5 Bd7 5. e3 c6 6. a4 Be7 7. Be2 cxb5 8. axb5 Qb6 9. Bd4 Bc5 10. Bxc5 Qxc5 11. Nc3 Ne4 12. Nxe4 dxe4 13. Nd4 Qg5 14. g3 e5 15. h4 Qe7 16. Nb3 Be6 17. c4 Nd7 18. Qc2 Qb4 19. Na5 Nc5 20. O-O b6 21. Rfb1 Qxb1+ 22. Qxb1 bxa5 23. Rxa5 O-O 24. Kh2 Rfd8 25. Qb4 Nb7 26. Ra2 Nd6 27. Rc2 Rac8 28. c5 g6 29. c6 Rc7 30. Qc5 f6 31. Rc3 Kg7 32. Ra3 Nc8 33. d4 Rd5 34. Qb4 Nb6 35. dxe5 Rxe5 36. Qd6 Nd5 37. Bc4 Rf7 38. Bxd5 Bxd5 39. c7 Bb7 40. Rxa7 Bc8 41. b6 Rd7 42. Qxd7+ 1-0

[Event "Charlesbourg Zukertort"]
[Site "Charlesbourg CAN"]
[Date "2007.06.04"]
[Round "5"]
[White "Bluteau, Yvon"]
[Black "Gagnon, Francois"]
[Result "0-1"]
[WhiteElo "1768"]
[BlackElo "1773"]
[PlyCount "56"]
[GameId "2160767910684643"]
[EventDate "2007.05.07"]
[EventType "team-swiss"]
[EventRounds "6"]
[EventCountry "CAN"]
[SourceTitle "EXT 2022"]
[Source "ChessBase"]
[SourceDate "2021.10.06"]
[SourceVersion "1"]
[SourceVersionDate "2021.10.06"]
[SourceQuality "1"]
[WhiteTeam "Les no-names anonymes"]
[BlackTeam "Les Denis Drolet"]
[WhiteTeamCountry "CAN"]
[BlackTeamCountry "CAN"]

1. d4 Nf6 2. Nf3 c5 3. d5 d6 4. c4 g6 5. Nc3 Bg7 6. e4 e6 7. Bd3 exd5 8. exd5 O-O 9. O-O Bg4 10. Bf4 Nh5 11. Be3 Nd7 12. h3 Bxf3 13. Qxf3 Ne5 14. Qd1 Qh4 15. f4 Nxd3 16. Qxd3 Rfe8 17. Rad1 g5 18. Bf2 Qxf4 19. Bxc5 dxc5 20. Rxf4 Nxf4 21. Qc2 Re3 22. d6 Bd4 23. Rxd4 cxd4 24. Ne4 d3 25. Qf2 Rxe4 26. Kh2 Re2 27. Qc5 Rxg2+ 28. Kh1 Re8 0-1

[Event "Charlesbourg Zukertort"]
[Site "Charlesbourg CAN"]
[Date "2007.06.04"]
[Round "5"]
[White "Cournoyer, Dominic"]
[Black "Chiffot, Nicolas"]
[Result "0-1"]
[WhiteElo "1788"]
[BlackElo "1801"]
[PlyCount "66"]
[GameId "2160767910684644"]
[EventDate "2007.05.07"]
[EventType "team-swiss"]
[EventRounds "6"]
[EventCountry "CAN"]
[SourceTitle "EXT 2022"]
[Source "ChessBase"]
[SourceDate "2021.10.06"]
[SourceVersion "1"]
[SourceVersionDate "2021.10.06"]
[SourceQuality "1"]
[WhiteTeam "Les no-names anonymes"]
[BlackTeam "Les Denis Drolet"]
[WhiteTeamCountry "CAN"]
[BlackTeamCountry "CAN"]

1. f4 d5 2. Nf3 g6 3. e3 Bg7 4. Nc3 Nf6 5. Be2 O-O 6. b3 c5 7. Bb2 Nc6 8. O-O a6 9. d4 Ng4 10. Bc1 cxd4 11. Nxd4 Nxd4 12. exd4 Qb6 13. Bxg4 Qxd4+ 14. Kh1 Qxd1 15. Bxd1 Bxc3 16. Rb1 Bf5 17. Ba3 Rfe8 18. Bf3 e6 19. g4 Be4 20. Kg2 Rac8 21. Bxe4 dxe4 22. Rf2 Red8 23. Re2 f5 24. h3 Kf7 25. Bc1 Rd1 26. Rf2 e3 27. Re2 Bd2 28. Bxd2 Rxb1 29. Bxe3 Rb2 30. a4 Rcxc2 31. Rxc2 Rxc2+ 32. Kf3 Rc3 33. b4 Rb3 0-1

[Event "Charlesbourg Zukertort"]
[Site "Charlesbourg CAN"]
[Date "2007.06.04"]
[Round "5"]
[White "Lessard, Claude"]
[Black "Drolet, Stephane"]
[Result "0-1"]
[WhiteElo "2069"]
[BlackElo "2099"]
[PlyCount "70"]
[GameId "2160767910684645"]
[EventDate "2007.05.07"]
[EventType "team-swiss"]
[EventRounds "6"]
[EventCountry "CAN"]
[SourceTitle "EXT 2022"]
[Source "ChessBase"]
[SourceDate "2021.10.06"]
[SourceVersion "1"]
[SourceVersionDate "2021.10.06"]
[SourceQuality "1"]
[WhiteTeam "Les no-names anonymes"]
[BlackTeam "Les Denis Drolet"]
[WhiteTeamCountry "CAN"]
[BlackTeamCountry "CAN"]

1. d4 d5 2. c4 c6 3. Nc3 Nf6 4. Nf3 dxc4 5. a4 Bf5 6. e3 e6 7. Bxc4 Bb4 8. O-O Nbd7 9. a5 Bxa5 10. Nh4 Bg6 11. f4 Nd5 12. Bxd5 cxd5 13. g3 Bxc3 14. bxc3 O-O 15. f5 Bxf5 16. Nxf5 exf5 17. Qb3 Nb6 18. Rxf5 Qd7 19. Rf4 Rfe8 20. Ra2 Re6 21. Raf2 f6 22. Qd1 Rae8 23. Rf5 Re4 24. Kg2 Nc4 25. Qb3 Nb6 26. Qd1 Qf7 27. h3 Qg6 28. Qb3 Qf7 29. g4 h6 30. Ra2 Nc4 31. Rxa7 R8e7 32. Ra8+ Kh7 33. Rd8 Rxe3 34. Qc2 R7e4 35. Kf2 Qc7 0-1

[Event "Charlesbourg Zukertort"]
[Site "Charlesbourg CAN"]
[Date "2007.06.11"]
[Round "6"]
[White "Boulianne, Gabriel"]
[Black "Boutin, Andre"]
[Result "1/2-1/2"]
[WhiteElo "1479"]
[BlackElo "1317"]
[PlyCount "102"]
[GameId "2160767910684646"]
[EventDate "2007.05.07"]
[EventType "team-swiss"]
[EventRounds "6"]
[EventCountry "CAN"]
[SourceTitle "EXT 2022"]
[Source "ChessBase"]
[SourceDate "2021.10.06"]
[SourceVersion "1"]
[SourceVersionDate "2021.10.06"]
[SourceQuality "1"]
[WhiteTeam "Les Denis Drolet"]
[BlackTeam "Les Griffons"]
[WhiteTeamCountry "CAN"]
[BlackTeamCountry "CAN"]

1. d4 d5 2. c4 Nf6 3. cxd5 Nxd5 4. Nf3 e6 5. e4 Bb4+ 6. Bd2 Bxd2+ 7. Qxd2 Nf6 8. Nc3 O-O 9. Bd3 b6 10. O-O Bb7 11. Rac1 Ba6 12. Rfd1 Bxd3 13. Qxd3 c6 14. d5 cxd5 15. exd5 exd5 16. Nxd5 Nxd5 17. Qxd5 Qxd5 18. Rxd5 Na6 19. Rd7 Nc5 20. Re7 Nd3 21. Rcc7 Rac8 22. Rxf7 Rxc7 23. Rxc7 Nxb2 24. Rxa7 Nc4 25. Rb7 Ra8 26. Ng5 h6 27. Ne6 g5 28. f4 gxf4 29. Nxf4 Rxa2 30. Nd5 Ra6 31. h4 Ra1+ 32. Kh2 Rf1 33. Nxb6 Rb1 34. Rb8+ Kf7 35. Nd7 Rxb8 36. Nxb8 Ne3 37. Nc6 Kg6 38. Nd4 h5 39. Kg1 Ng4 40. Kf1 Kf6 41. g3 Ke5 42. Ne2 Kf5 43. Nf4 Nf6 44. Kf2 Kg4 45. Ne2 Ne4+ 46. Kg2 Nf6 47. Nf4 Ne4 48. Ne2 Nf6 49. Nf4 Ne4 50. Nxh5 Nxg3 51. Nf6+ Kxh4 1/2-1/2

[Event "Charlesbourg Zukertort"]
[Site "Charlesbourg CAN"]
[Date "2007.06.11"]
[Round "6"]
[White "Chiffot, Nicolas"]
[Black "Filiatreault, Michel"]
[Result "1-0"]
[WhiteElo "1801"]
[BlackElo "1879"]
[PlyCount "79"]
[GameId "2160767910684647"]
[EventDate "2007.05.07"]
[EventType "team-swiss"]
[EventRounds "6"]
[EventCountry "CAN"]
[SourceTitle "EXT 2022"]
[Source "ChessBase"]
[SourceDate "2021.10.06"]
[SourceVersion "1"]
[SourceVersionDate "2021.10.06"]
[SourceQuality "1"]
[WhiteTeam "Les Denis Drolet"]
[BlackTeam "Les Griffons"]
[WhiteTeamCountry "CAN"]
[BlackTeamCountry "CAN"]

1. e4 c5 2. Nc3 Nc6 3. g3 d6 4. Bg2 g6 5. d3 Bg7 6. Be3 Nf6 7. h3 O-O 8. Qd2 Nd4 9. Nd1 e5 10. c3 Nc6 11. f4 Nh5 12. Ne2 exf4 13. gxf4 Qe7 14. Bf2 f5 15. Ne3 fxe4 16. Nd5 Qf7 17. dxe4 Be6 18. O-O-O b5 19. Rhf1 Qd7 20. Ne3 Rad8 21. f5 Bxa2 22. fxg6 hxg6 23. Ng4 Na5 24. Qg5 Qe6 25. Ng3 Nf4 26. Bf3 Bc4 27. Rfe1 Nd3+ 28. Rxd3 Bxd3 29. Re3 Nb3+ 30. Kd1 Bc4 31. h4 Qf7 32. h5 Be6 33. hxg6 Qf4 34. Qh4 Rfe8 35. Qh7+ Kf8 36. Nh5 Rd7 37. Nxf4 Bg8 38. Qh5 b4 39. Qf5+ Ke7 40. Bh4+ 1-0

[Event "Charlesbourg Zukertort"]
[Site "Charlesbourg CAN"]
[Date "2007.06.11"]
[Round "6"]
[White "Gagnon, Francois"]
[Black "Sirois, Eric"]
[Result "1-0"]
[WhiteElo "1773"]
[BlackElo "1698"]
[PlyCount "37"]
[GameId "2160767910684649"]
[EventDate "2007.05.07"]
[EventType "team-swiss"]
[EventRounds "6"]
[EventCountry "CAN"]
[SourceTitle "EXT 2022"]
[Source "ChessBase"]
[SourceDate "2021.10.06"]
[SourceVersion "1"]
[SourceVersionDate "2021.10.06"]
[SourceQuality "1"]
[WhiteTeam "Les Denis Drolet"]
[BlackTeam "Les Griffons"]
[WhiteTeamCountry "CAN"]
[BlackTeamCountry "CAN"]

1. e4 c5 2. Nf3 e6 3. d4 cxd4 4. Nxd4 Nf6 5. Bd3 Nc6 6. Be3 e5 7. Nxc6 bxc6 8. O-O d5 9. exd5 cxd5 10. Bg5 Rb8 11. Re1 Bd6 12. Nc3 Be6 13. Bxf6 Qxf6 14. Bb5+ Kf8 15. Nxd5 Qg5 16. Nc3 Bc7 17. Qf3 h5 18. Qc6 Bb6 19. Qd6+ 1-0

[Event "Charlesbourg Zukertort"]
[Site "Charlesbourg CAN"]
[Date "2007.06.11"]
[Round "6"]
[White "Laflamme, Simon"]
[Black "Lessard, Claude"]
[Result "0-1"]
[WhiteElo "2002"]
[BlackElo "2069"]
[PlyCount "92"]
[GameId "2160767910684650"]
[EventDate "2007.05.07"]
[EventType "team-swiss"]
[EventRounds "6"]
[EventCountry "CAN"]
[SourceTitle "EXT 2022"]
[Source "ChessBase"]
[SourceDate "2021.10.06"]
[SourceVersion "1"]
[SourceVersionDate "2021.10.06"]
[SourceQuality "1"]
[WhiteTeam "Les Affames"]
[BlackTeam "Les no-names anonymes"]
[WhiteTeamCountry "CAN"]
[BlackTeamCountry "CAN"]

1. e4 g6 2. d4 d6 3. Nc3 c6 4. Be3 b5 5. Bd3 b4 6. Nce2 a5 7. Nf3 Bg7 8. Qd2 Ba6 9. O-O Bxd3 10. Qxd3 Nf6 11. Ng3 Nbd7 12. Qd2 O-O 13. Bh6 c5 14. Bxg7 Kxg7 15. e5 Ne8 16. Qg5 f6 17. Qe3 Nc7 18. exf6+ exf6 19. dxc5 Nxc5 20. Rad1 Re8 21. Qf4 d5 22. Nd4 N5e6 23. Qf3 Nxd4 24. Rxd4 Re5 25. Rfd1 Qe7 26. h3 Qc5 27. Qd3 Rd8 28. Nf1 Ne6 29. Rh4 d4 30. Nh2 Rc8 31. Nf3 Qxc2 32. Nxe5 fxe5 33. Qd2 g5 34. Rg4 Qf5 35. Rc1 Rxc1+ 36. Qxc1 e4 37. Qc8 Qd5 38. Qc2 d3 39. Qd2 Kf6 40. h4 h6 41. hxg5+ hxg5 42. b3 Qe5 43. Rg3 Qc3 44. Qd1 Qc2 45. Qh5 d2 46. Qh8+ Ke7 0-1

[Event "Charlesbourg Zukertort"]
[Site "Charlesbourg CAN"]
[Date "2007.06.11"]
[Round "6"]
[White "Poliquin, Yvone"]
[Black "Cournoyer, Dominic"]
[Result "0-1"]
[WhiteElo "1872"]
[BlackElo "1788"]
[PlyCount "80"]
[GameId "2160767910684651"]
[EventDate "2007.05.07"]
[EventType "team-swiss"]
[EventRounds "6"]
[EventCountry "CAN"]
[SourceTitle "EXT 2022"]
[Source "ChessBase"]
[SourceDate "2021.10.06"]
[SourceVersion "1"]
[SourceVersionDate "2021.10.06"]
[SourceQuality "1"]
[WhiteTeam "Les Affames"]
[BlackTeam "Les no-names anonymes"]
[WhiteTeamCountry "CAN"]
[BlackTeamCountry "CAN"]

1. d4 d5 2. c4 c6 3. Nc3 h6 4. Nf3 Nf6 5. e3 Bf5 6. Ne5 e6 7. cxd5 exd5 8. Bd2 Bd6 9. Bd3 Bxd3 10. Nxd3 O-O 11. b4 Qc7 12. Rc1 a6 13. a4 Qe7 14. O-O Nbd7 15. Nc5 Nb6 16. Re1 Qc7 17. h3 Rad8 18. Re2 Rfe8 19. Nd3 Qb8 20. b5 cxb5 21. axb5 a5 22. Ra1 Nc4 23. Be1 b6 24. Qb1 Qb7 25. Nb2 Rc8 26. Qd3 Nxb2 27. Rxb2 Rc4 28. Rc2 Rec8 29. Rac1 Ba3 30. Nxd5 Nxd5 31. Rxc4 Bxc1 32. Qe2 Rxc4 33. Qxc4 Ba3 34. e4 Nf6 35. d5 Qe7 36. Bc3 Qxe4 37. Qc8+ Qe8 38. Qf5 Qd7 39. Qe5 Bd6 40. Qd4 Qxb5 0-1

[Event "Charlesbourg Zukertort"]
[Site "Charlesbourg CAN"]
[Date "2007.06.11"]
[Round "6"]
[White "Skakni, Ismael"]
[Black "Bluteau, Yvon"]
[Result "0-1"]
[WhiteElo "1680"]
[BlackElo "1768"]
[PlyCount "48"]
[GameId "2160767910684652"]
[EventDate "2007.05.07"]
[EventType "team-swiss"]
[EventRounds "6"]
[EventCountry "CAN"]
[SourceTitle "EXT 2022"]
[Source "ChessBase"]
[SourceDate "2021.10.06"]
[SourceVersion "1"]
[SourceVersionDate "2021.10.06"]
[SourceQuality "1"]
[WhiteTeam "Les Affames"]
[BlackTeam "Les no-names anonymes"]
[WhiteTeamCountry "CAN"]
[BlackTeamCountry "CAN"]

1. d4 Nf6 2. Nf3 b6 3. c4 Bb7 4. Nc3 g6 5. d5 Bg7 6. e4 O-O 7. Bd3 d6 8. h3 Nbd7 9. O-O e5 10. dxe6 fxe6 11. Ng5 Qe7 12. f4 h6 13. Nf3 Nc5 14. Nh4 Nfxe4 15. Nxg6 Bd4+ 16. Kh2 Qg7 17. Bxe4 Nxe4 18. f5 exf5 19. Ne7+ Qxe7 20. Qxd4 Nxc3 21. Qxc3 Qe4 22. Qg3+ Kf7 23. Bxh6 Rg8 24. Rae1 Qxg2+ 0-1

[Event "Chessca op"]
[Site "Guelph CAN"]
[Date "2007.09.29"]
[Round "1"]
[White "Niemiec, Sebastian"]
[Black "Ferreira, Alex"]
[Result "1/2-1/2"]
[WhiteElo "1596"]
[BlackElo "2025"]
[PlyCount "138"]
[GameId "2160767910579075"]
[EventDate "2007.09.28"]
[EventType "swiss"]
[EventRounds "5"]
[EventCountry "CAN"]

1. d4 d5 2. c4 e5 3. dxe5 d4 4. Nf3 Nc6 5. a3 Bg4 6. Nbd2 a5 7. g3 Qd7 8. Bg2 O-O-O 9. O-O Nge7 10. b4 Ng6 11. bxa5 Nxa5 12. Qc2 c5 13. Re1 Bf5 14. Qb2 h5 15. e4 Be6 16. Qc2 h4 17. Ng5 hxg3 18. fxg3 Nxe5 19. Nxe6 fxe6 20. Rb1 Ng4 21. Nf3 Ne3 22. Bxe3 dxe3 23. Red1 Qc7 24. Rxd8+ Qxd8 25. e5 Be7 26. Rd1 Qc7 27. Qe4 Rd8 28. Rxd8+ Qxd8 29. Qxe3 Qd1+ 30. Qe1 Qxe1+ 31. Nxe1 Nxc4 32. Nc2 Nxe5 33. a4 Kc7 34. Bf1 Bg5 35. Be2 Bd2 36. Kf2 Kd6 37. Na3 Kd5 38. Nb5 Ba5 39. Ke3 c4 40. Na3 Bb6+ 41. Kd2 Bc5 42. Nc2 b6 43. Kc3 Bg1 44. h3 Bf2 45. g4 Kc5 46. Kd2 g6 47. Kc3 g5 48. Kd2 Bd4 49. Nxd4 Kxd4 50. Kc2 Nd3 51. Bf1 Nc5 52. h4 gxh4 53. g5 Ne4 54. g6 Nf6 55. Bh3 e5 56. g7 e4 57. Bg2 e3 58. Bh3 Kc5 59. Bf5 Kb4 60. Bd7 Ka5 61. Kc3 e2 62. Kd2 h3 63. Bxh3 Kxa4 64. Be6 e1=Q+ 65. Kxe1 Kb4 66. g8=Q Nxg8 67. Bxg8 Kc3 68. Kd1 b5 69. Kc1 b4 1/2-1/2

[Event "Chessca op"]
[Site "Guelph CAN"]
[Date "2007.09.29"]
[Round "2"]
[White "Ferreira, Alex"]
[Black "Milicevic, Goran"]
[Result "1/2-1/2"]
[WhiteElo "2025"]
[BlackElo "2355"]
[PlyCount "78"]
[GameId "2160767910579076"]
[EventDate "2007.09.28"]
[EventType "swiss"]
[EventRounds "5"]
[EventCountry "CAN"]

1. e4 e6 2. d4 d5 3. Nd2 Nf6 4. e5 Ne4 5. Bd3 Nxd2 6. Bxd2 c5 7. c3 Nc6 8. Ne2 Qb6 9. Qb3 Qxb3 10. axb3 cxd4 11. cxd4 Bd7 12. h4 Be7 13. h5 f6 14. f4 O-O 15. O-O f5 16. Kf2 Rfc8 17. g4 fxg4 18. Rg1 Be8 19. Rh1 Nb4 20. Bxb4 Bxb4 21. Ke3 Be7 22. Nc3 a6 23. Rag1 Rc6 24. Rxg4 Rd8 25. Rhg1 Bf8 26. R4g3 Kh8 27. Rh3 b5 28. Ra1 Bb4 29. f5 exf5 30. Bxf5 Bxc3 31. bxc3 Rxc3+ 32. Kf4 Rc6 33. e6 Kg8 34. Ke5 b4 35. Rf1 Rc7 36. Ra1 Bb5 37. Rg3 Be2 38. Ra5 Bb5 39. Ra1 Rf8 1/2-1/2

[Event "Chessca op"]
[Site "Guelph CAN"]
[Date "2007.09.29"]
[Round "3"]
[White "Ferreira, Alex"]
[Black "Henry, Liam"]
[Result "0-1"]
[WhiteElo "2025"]
[BlackElo "2269"]
[PlyCount "106"]
[GameId "2160767910579077"]
[EventDate "2007.09.28"]
[EventType "swiss"]
[EventRounds "5"]
[EventCountry "CAN"]

1. e4 c5 2. Nf3 d6 3. d4 cxd4 4. Nxd4 Nf6 5. Nc3 a6 6. a4 e5 7. Nb3 Be7 8. Bc4 Be6 9. Bd5 Qc7 10. O-O Nxd5 11. Nxd5 Bxd5 12. Qxd5 Nd7 13. Be3 Nf6 14. Qd3 Rc8 15. c3 h6 16. f3 O-O 17. a5 Qc6 18. Rfd1 Rfd8 19. Bb6 Rd7 20. Nc1 d5 21. exd5 Rxd5 22. Qe2 Bc5+ 23. Bxc5 Qxc5+ 24. Kf1 Rxd1+ 25. Qxd1 e4 26. Qe2 Re8 27. f4 Qf5 28. Nb3 Qxf4+ 29. Kg1 Ng4 30. g3 Qg5 31. Nd4 h5 32. Rf1 g6 33. Rf4 Qxa5 34. h3 Nh6 35. Rxe4 Rxe4 36. Qxe4 Qa1+ 37. Kf2 Qxb2+ 38. Ne2 Qb6+ 39. Qe3 Qf6+ 40. Ke1 Kg7 41. Kd2 Nf5 42. Qe4 Qd6+ 43. Kc2 Qe6 44. Qxe6 fxe6 45. Kd3 Kf6 46. g4 hxg4 47. hxg4 Nh6 48. Kc4 b6 49. g5+ Kxg5 50. Nd4 e5 51. Ne6+ Kf5 52. Nc7 g5 53. Nxa6 g4 0-1

[Event "Chessca op"]
[Site "Guelph CAN"]
[Date "2007.09.30"]
[Round "4"]
[White "Chung, Kevin"]
[Black "Ferreira, Alex"]
[Result "1-0"]
[WhiteElo "2217"]
[BlackElo "2025"]
[PlyCount "65"]
[GameId "2160767910579078"]
[EventDate "2007.09.28"]
[EventType "swiss"]
[EventRounds "5"]
[EventCountry "CAN"]

1. e4 c5 2. Nf3 d6 3. d4 cxd4 4. Nxd4 Nf6 5. Nc3 a6 6. Be2 e5 7. Nb3 Be7 8. Be3 Be6 9. O-O d5 10. exd5 Nxd5 11. Nxd5 Bxd5 12. c4 Bc6 13. Qxd8+ Bxd8 14. c5 Nd7 15. Nd2 O-O 16. b4 f5 17. f3 Nf6 18. Nc4 Bc7 19. a4 e4 20. fxe4 fxe4 21. Nd6 Bxd6 22. cxd6 b5 23. a5 Nd5 24. Rxf8+ Rxf8 25. Bc5 Bd7 26. Re1 Nc3 27. Bf1 Re8 28. g3 Kf7 29. Bg2 Bf5 30. Rf1 Ke6 31. d7 Rd8 32. Rxf5 Rxd7 33. Bh3 1-0

[Event "Chessca op"]
[Site "Guelph CAN"]
[Date "2007.09.30"]
[Round "5"]
[White "Siddeley, Hugh"]
[Black "Ferreira, Alex"]
[Result "1-0"]
[WhiteElo "2100"]
[BlackElo "2025"]
[PlyCount "107"]
[GameId "2160767910579079"]
[EventDate "2007.09.28"]
[EventType "swiss"]
[EventRounds "5"]
[EventCountry "CAN"]

1. e4 c5 2. Nf3 d6 3. d4 cxd4 4. Nxd4 Nf6 5. Nc3 a6 6. Be3 e5 7. Nb3 Be7 8. f3 Be6 9. Qd2 d5 10. exd5 Nxd5 11. Nxd5 Qxd5 12. O-O-O Qxd2+ 13. Rxd2 Nd7 14. Kb1 O-O-O 15. Bd3 Nf6 16. Rhd1 Nd5 17. Re2 f6 18. Bc5 Bxc5 19. Nxc5 Bf7 20. Bf5+ Kc7 21. Red2 Nb6 22. Rxd8 Rxd8 23. Rxd8 Kxd8 24. Nxb7+ Kc7 25. Nc5 a5 26. Bxh7 g6 27. Ne4 Nd5 28. g3 Kd8 29. c4 Ne3 30. c5 Ke7 31. h4 Nf1 32. g4 Nh2 33. Nd2 e4 34. Nxe4 Nxf3 35. h5 gxh5 36. gxh5 Bxh5 37. Nd6 Nd4 38. Nf5+ Nxf5 39. Bxf5 Kd8 40. Kc2 Kc7 41. Be4 f5 42. Ba8 Be8 43. Bg2 Bc6 44. Bf1 f4 45. b3 f3 46. a3 Bd5 47. b4 Kc6 48. Kd2 Bb3 49. Ke3 Bd1 50. Ba6 axb4 51. axb4 Kd5 52. Bf1 Kc6 53. Bc4 Kc7 54. Bd5 1-0